|
|
|
|
| LEADER |
00000nsc a2200000 a 4500 |
| 001 |
113433 |
| 003 |
Ucuenca |
| 005 |
20230308221153.0 |
| 008 |
015092|2011 ck |||||r|||||||||||spa|| |
| 020 |
|
|
|a 9789586487337
|
| 040 |
|
|
|b spa
|
| 041 |
1 |
|
|a spa
|
| 082 |
0 |
|
|a 333.72
|
| 100 |
1 |
|
|a Sánchez, Luis Enrique.
|9 207168
|
| 245 |
|
|
|a Evaluación del impacto ambiental: conceptos y metodos
|c Luis Enrique Sánchez. Traductor Marcelo Canossa
|h imp
|
| 264 |
|
|
|a Bogotá
|b Ecoe Ediciones
|c 2011
|
| 300 |
|
|
|a 479 páginas:
|b ilu
|c 27.5 cm
|
| 490 |
|
|
|a Textos Universitarios
|p Ecología y Medio Ambiente
|
| 504 |
|
|
|a incl. ref.
|
| 505 |
0 |
|
|a Conceptos y definiciones -- Origen y difusión de la evaluación de impacto ambiental -- El proceso de evaluación de impacto ambiental y sus objetivos -- Etapa de tamizado -- Focalización del estudio y formulación de alternativas -- Etapas de la planificación y elaboración de un estudio de impacto ambiental -- Identificación de impactos -- Estudios de base y diagnóstico ambiental -- Previsión de impactos -- Evaluación de la importancia de los impactos -- Análisis de riesgo -- Plan de gestión ambiental -- Comunicación de los resultados -- Análisis técnico de los estudios ambientales -- Participación pública -- La etapa de seguimiento en el proceso de evaluación de impacto ambiental.
|
| 520 |
3 |
|
|a Los estudios de evaluación de impactos ambientales vienen ganando importancia para los emprendedores y los organismos oficiales que licencian las actividades económicas, a medida que crece la conciencia ambiental en la sociedad y se deben tomar las decisiones basándose en estudios técnicos bien fundamentados. ¡Este libro aborda la realización de dichos estudios! Combinando claridad y rigor, el texto presenta y analiza las diferentes tareas de la preparación de estudios ambientales, vinculando la teoría con la práctica. Varios estudios de casos (21 en Latinoamérica y 12 en otras regiones) enriquecen esta obra, abarcando emprendimientos tales como centrales hidroeléctricas, minería y sistemas de transporte. Evaluación de impacto ambiental: conceptos y métodos es didáctico para el estudiante, superando la formación en esa disciplina: es útil para el profesional, por ser una excelente fuente de consulta y contar con abundante material de referencia y reflexión.
|
| 650 |
|
|
|a Impacto ambiental
|9 37080
|
| 650 |
|
|
|a Medio ambiente
|9 351
|
| 650 |
|
0 |
|a Contaminación atmosférica
|9 12461
|
| 650 |
|
|
|a Degradacion ambiental
|9 64379
|
| 852 |
|
|
|a UC-CDJBV
|f Compra
|l 1
|m General
|p 20150925
|q 60.75
|r 2
|t 113433
|v qui
|y 5412016
|b 0
|d CDRC
|e CDRC
|g 333.72 SEGUNDO PISO
|z 2015-50-92
|
| 852 |
|
|
|a UC-CDJBV
|f Compra
|l 2
|m General
|p 20160120
|q 53.00
|r 2
|t 114936
|v ing
|y 6001865
|b 0
|d CDRC
|e CDRC
|g 333.72 SEGUNDO PISO
|z 2016-60-12
|
| 852 |
|
|
|a UC-YANUNCAY
|f Compra
|l 3
|m General
|p 20160202
|q 53.10
|r 2
|t 10427
|v agro
|w Ingeniería Agronómica
|y 5960259
|b 0
|d CDRY
|e CDRY
|g 333.72 ESTANTERIA ABIERTA
|z 2016-60-20
|
| 856 |
|
|
|a http://sibuc.ucuenca.edu.ec/portada/113433-cdj.jpg
|
| 942 |
|
|
|c CR
|0 1
|
| 999 |
|
|
|c 136052
|d 136052
|